000 00379nam a22001457a 4500
999 _c258217
_d258216
003 OSt
005 20200515115954.0
008 200515b xxu||||| |||| 00| 0 eng d
020 _a9780558120016
040 _cN/A
100 _aMichael B.W. Wolfe et al
245 _aEducation :
_bPSY 325:Educational Psychology
260 _aBoston
_bPearson Education
_c2008
942 _2lcc
_cBK